000 01135nam a22001935i 4500
001 156495
003 ES-MaACL
005 20230906210425.0
008 021126d1881 sp |||| | spa d
040 _aCYL
_bspa
_cCYL
245 0 0 _aJuegos florales de Burgos
_b: composiciones premiadas en el certamen celebrado en esta capital, bajo los auspicios del ayuntamiento durante las ferias de s. Pedro y s. Pablo, año de 1881.
260 _aBurgos :
_b[s.n.],
_c1881 (
_fImprenta de Timoteo Arnáiz)
300 _a189 p. ;
_c23 cm.
505 8 _aContiene : Resúmen histórico-crítico de la literatura burgalesa de los siglos XII al XVIII por Manuel Martínez Añibarro. La batalla de Acinas por Conrado Muiños y Saenz. El castillo de Carazo por José Martínez Rives
651 4 _aBurgos-
_xFerias y Fiestas.
_9222596
852 _aES-MaACL
_jT-1115-F-2
_z-- Enc. hol., conservando la cub. original
_z-- An. ms.: ded. de Manuel Martínez Añibarro a José de Cárdenas
_z-- Enc. en un vol. facticio
852 _aES-MaACL
_jT-436-F-3
_z-- Enc. hol.
_q-- Falto de la cub. original
_z-- Enc. en un vol. facticio
999 _c156495
_d156495